[Event "SC Lana-SK Steinegg/Raiffeisen"]
[Site "?"]
[Date "2013.03.09"]
[Round "11.2"]
[White "Pichler, Norbert"]
[Black "Lantschner, Carmen"]
[Result "1-0"]
[WhiteElo "1617"]
[BlackElo "1726"]
[PlyCount "117"]
[EventDate "2013.??.??"]

1. b3 d6 2. f4 Nf6 3. Bb2 g6 4. Nf3 Bg7 5. e4 O-O 6. Bd3 c5 7. Nc3 Nc6 8. a3 b6
9. Qe2 Bb7 10. f5 d5 11. O-O-O Nd4 12. Nxd4 cxd4 13. Nxd5 Nxd5 14. exd5 Bxd5
15. fxg6 hxg6 16. h4 Qd6 17. h5 g5 18. Qg4 Qf4 19. Qd7 e6 20. h6 Be5 21. Rdf1
Qg3 22. h7+ Kh8 23. Rxf7 Rxf7 24. Qxf7 Bg7 25. Rf1 Qe5 26. Kb1 Bxg2 27. Rg1 Bd5
28. Qg6 Qf6 29. Rxg5 Qxg6 30. Bxg6 Rf8 31. Ka2 Rf4 32. Bd3 Be4 33. Bxe4 Rxe4
34. Rh5 Re2 35. Bc1 e5 36. Kb1 Rg2 37. d3 Rg1 38. Kb2 Rg4 39. Bh6 Bxh6 40. Rxh6
Rg7 41. Re6 Rg5 42. Re7 Rg7 43. Rxe5 Rxh7 44. Rd5 Rc7 45. Rxd4 Kg7 46. Rf4 b5
47. c4 bxc4 48. bxc4 Rb7+ 49. Kc3 Rb1 50. c5 Rc1+ 51. Kb4 Rb1+ 52. Ka5 Rb3 53.
d4 Rxa3+ 54. Kb4 Ra1 55. c6 Rb1+ 56. Ka5 Ra1+ 57. Kb5 Rb1+ 58. Kc5 Rh1 59. d5
1-0

[Event "SC Lana-SK Steinegg/Raiffeisen"]
[Site "?"]
[Date "2013.03.09"]
[Round "11.3"]
[White "Engl, Alexander"]
[Black "Del Rosso, Peter"]
[Result "1-0"]
[WhiteElo "1710"]
[BlackElo "1505"]
[PlyCount "105"]
[EventDate "2013.??.??"]

1. e4 Nf6 2. e5 Nd5 3. Bc4 Nb6 4. Bb3 d6 5. exd6 cxd6 6. d4 Bf5 7. Qf3 e6 8.
Ne2 Qc8 9. Nbc3 Be7 10. Bf4 O-O 11. g4 Bg6 12. h4 f6 13. O-O-O Nc6 14. d5 Na5
15. dxe6 Nxb3+ 16. axb3 Qxe6 17. Nd4 Qc8 18. Rhe1 Re8 19. h5 Bf7 20. Qg3 d5 21.
Nf5 Bf8 22. Nd6 Bxd6 23. Bxd6 Rxe1 24. Rxe1 Qc6 25. Ba3 Re8 26. Rxe8+ Qxe8 27.
f4 d4 28. Nd1 Qc8 29. Qg1 Bxb3 30. Qg2 d3 31. c3 Nc4 32. Qd5+ Kh8 33. Qxd3 Nxa3
34. bxa3 a5 35. Ne3 Bg8 36. Kb2 Qc7 37. Qd4 h6 38. Nf5 Be6 39. Nxh6 b5 40. Qe4
Qc8 41. Nf5 Bxf5 42. Qxf5 Qxf5 43. gxf5 Kg8 44. Kb3 Kf8 45. a4 bxa4+ 46. Kxa4
Ke7 47. Kxa5 Kd6 48. Kb5 Kd5 49. c4+ Ke4 50. c5 Kxf5 51. c6 Ke6 52. Kb6 Kf5 53.
c7 1-0

[Event "SC Lana-SK Steinegg/Raiffeisen"]
[Site "?"]
[Date "2013.03.09"]
[Round "11.4"]
[White "Menghin, Karl"]
[Black "Resch, Aaron"]
[Result "0-1"]
[WhiteElo "1439"]
[BlackElo "1709"]
[PlyCount "110"]
[EventDate "2013.??.??"]

1. c4 b6 2. d4 Bb7 3. Nc3 g6 4. e4 Bg7 5. Nge2 d6 6. g3 Nd7 7. Bg2 e6 8. O-O
Ne7 9. Bg5 h6 10. Bf4 O-O 11. Qd2 Kh7 12. Rad1 a6 13. Qc2 Qe8 14. Rd3 Nc6 15.
a3 e5 16. Be3 exd4 17. Nxd4 Nce5 18. Rdd1 Nxc4 19. Nd5 Bxd5 20. exd5 Nxe3 21.
fxe3 Qxe3+ 22. Qf2 Bxd4 23. Rxd4 Qxf2+ 24. Rxf2 Rae8 25. Rc4 Rc8 26. Rfc2 b5
27. Rc6 a5 28. Bh3 Ne5 29. Bxc8 Nxc6 30. Bd7 Ne7 31. Rxc7 Nxd5 32. Ra7 Kg7 33.
Bxb5 Rc8 34. Rxa5 Rc1+ 35. Kg2 Rc2+ 36. Kh3 Rxb2 37. Bc6 Ne3 38. Rb5 Ra2 39.
Rb3 Nc2 40. Rd3 Rxa3 41. Rxa3 Nxa3 42. Kg4 Nc2 43. Kf4 f5 44. Bd7 Kf6 45. Ba4
Nb4 46. Kf3 Ke5 47. Be8 g5 48. h3 d5 49. Ke3 d4+ 50. Kf3 Nd5 51. Ke2 Nf6 52.
Bg6 h5 53. Kd3 h4 54. gxh4 gxh4 55. Bf7 Nd5 0-1

[Event "SC Lana-SK Steinegg/Raiffeisen"]
[Site "?"]
[Date "2013.03.09"]
[Round "11.5"]
[White "Schgaguler, Guenther"]
[Black "Unterthurner, Walter"]
[Result "1-0"]
[WhiteElo "1559"]
[BlackElo "1341"]
[PlyCount "81"]
[EventDate "2013.??.??"]

1. e4 c5 2. c3 Nc6 3. d4 cxd4 4. cxd4 d6 5. Nf3 Nf6 6. Nc3 e6 7. Bb5 Bd7 8. O-O
a6 9. Ba4 b5 10. Bb3 b4 11. e5 bxc3 12. exf6 cxb2 13. fxg7 Bxg7 14. Bxb2 d5 15.
Re1 h6 16. Bxd5 Rc8 17. Bb3 O-O 18. Rb1 Ne7 19. Ne5 Nd5 20. Qf3 Nf6 21. Rbc1
Rc7 22. Rxc7 Qxc7 23. h3 a5 24. Rc1 Qb6 25. Nxd7 Nxd7 26. Qc3 Nf6 27. Qc5 Qa6
28. Bc4 Qb7 29. Qb5 Qa7 30. Qc5 Qb8 31. Qa3 Ne4 32. Bd3 Nf6 33. Rb1 Qa8 34. Bc3
Qd5 35. Qxa5 Qc6 36. Qc5 Qa8 37. Ra1 Rc8 38. Qa5 Qc6 39. Bb2 Qd6 40. Qd2 Nd5
41. a4 1-0

[Event "SC Naturns Jambo II-SK Passeier"]
[Site "?"]
[Date "2013.03.09"]
[Round "11.1"]
[White "Pichler, Michael"]
[Black "Gurschler, Gregor"]
[Result "1-0"]
[WhiteElo "1832"]
[BlackElo "1743"]
[PlyCount "55"]
[EventDate "2013.??.??"]

1. e4 g6 2. d4 Bg7 3. Nc3 d6 4. Be3 a6 5. f4 b5 6. Nf3 Bb7 7. Bd3 Nd7 8. O-O c5
9. e5 cxd4 10. Bxd4 Nc5 11. Qe2 Nxd3 12. Qxd3 dxe5 13. Nxe5 Bxe5 14. fxe5 e6
15. Rad1 Ne7 16. Ne4 Bxe4 17. Qxe4 O-O 18. Be3 Qc7 19. Bg5 Nf5 20. Bf6 Qc5+ 21.
Kh1 Qe3 22. Qg4 h5 23. Qf3 Qxf3 24. Rxf3 Rac8 25. c3 Rc7 26. Rfd3 Nh6 27. Rd6
Ra8 28. Rd8+ 1-0

[Event "SC Naturns Jambo II-SK Passeier"]
[Site "?"]
[Date "2013.03.09"]
[Round "11.2"]
[White "Kaserer, Hanspeter"]
[Black "Innerhofer, Stefan"]
[Result "1/2-1/2"]
[WhiteElo "1725"]
[BlackElo "1550"]
[PlyCount "95"]
[EventDate "2013.??.??"]

1. d4 f5 2. g3 Nf6 3. Bg2 e6 4. Nf3 d5 5. O-O Bd6 6. b3 O-O 7. Ba3 Bxa3 8. Nxa3
Qe7 9. Qc1 Bd7 10. c4 dxc4 11. Nxc4 Bc6 12. Nce5 Bd5 13. Nd2 Bxg2 14. Kxg2 c6
15. Qc4 Nbd7 16. Ndf3 Nxe5 17. Nxe5 Nd7 18. Nf3 Nb6 19. Qc2 Rad8 20. e3 Qd6 21.
Ne5 Nd7 22. Nc4 Qd5+ 23. f3 Nf6 24. h3 Qd7 25. Ne5 Qd6 26. Rfe1 Qe7 27. Qc4 Nd7
28. Nd3 Nb6 29. Qc5 Qc7 30. Nf4 Rf6 31. Rac1 a6 32. Re2 Nd5 33. Nd3 Ne7 34. Qc4
Ng6 35. Nc5 Kf7 36. Qb4 Rb8 37. Nd3 h5 38. h4 Rd8 39. Ne5+ Nxe5 40. dxe5 Rh6
41. Rd2 Rxd2+ 42. Qxd2 Rh8 43. f4 Rd8 44. Qe2 Qd7 45. Qxh5+ Kg8 46. Qe2 Qd5+
47. Kf2 Rd7 48. Rc2 1/2-1/2

[Event "SC Naturns Jambo II-SK Passeier"]
[Site "?"]
[Date "2013.03.09"]
[Round "11.3"]
[White "Innerhofer, Hannes"]
[Black "Pichler, Christoph"]
[Result "0-1"]
[WhiteElo "1629"]
[BlackElo "1843"]
[PlyCount "90"]
[EventDate "2013.??.??"]

1. e4 e5 2. Nf3 Nc6 3. Bc4 Bc5 4. O-O d6 5. c3 Nf6 6. d3 a6 7. b4 Ba7 8. Bg5
O-O 9. Nbd2 Be6 10. Bd5 Bxd5 11. exd5 Nb8 12. Ne4 Nbd7 13. Qc1 h6 14. Bh4 Kh8
15. c4 g5 16. Nfxg5 hxg5 17. Qxg5 Nh7 18. Qxd8 Raxd8 19. Bxd8 Rxd8 20. Ng3 Rg8
21. Nf5 Rg5 22. Ne3 f5 23. Kh1 Nhf6 24. h4 Rh5 25. g3 f4 26. Nc2 Ng4 27. Kg2
Ndf6 28. Rae1 Rh7 29. Re2 f3+ 30. Kxf3 Nh2+ 31. Kg2 Nxf1 32. Kxf1 Ng4 33. Ne3
Bxe3 34. fxe3 Rf7+ 35. Kg2 Kg7 36. a4 b6 37. e4 Kh6 38. Ra2 Kh5 39. a5 Ne3+ 40.
Kh2 Kg4 41. axb6 cxb6 42. Rxa6 Rf2+ 43. Kg1 Kxg3 44. Ra1 Rg2+ 45. Kh1 Ng4 0-1

[Event "SC Naturns Jambo II-SK Passeier"]
[Site "?"]
[Date "2013.03.09"]
[Round "11.4"]
[White "Gurschler, Thomas"]
[Black "Pirpamer, Klaus"]
[Result "1-0"]
[WhiteElo "1674"]
[BlackElo "1749"]
[PlyCount "99"]
[EventDate "2013.??.??"]

1. d4 Nf6 2. Bf4 c5 3. e3 Nd5 4. Bg3 Qb6 5. b3 e6 6. c4 Nf6 7. Nf3 cxd4 8. Qxd4
Qa5+ 9. Nbd2 Nc6 10. Qb2 Bb4 11. Rd1 O-O 12. Bd3 b6 13. O-O Bb7 14. Ne4 Nxe4
15. Bxe4 f5 16. Bxc6 Bc3 17. Qe2 Bxc6 18. Nd4 Rad8 19. Bh4 Rde8 20. Nxc6 dxc6
21. Rd7 Bf6 22. Bxf6 Rxf6 23. Rfd1 Rf7 24. Rxf7 Kxf7 25. Qh5+ Kf8 26. Qxh7 Qe5
27. h4 Qc7 28. Qh8+ Kf7 29. Qh5+ Kf8 30. Qg5 Qe7 31. Qg6 a5 32. h5 b5 33. h6
gxh6 34. Qxh6+ Kf7 35. Rd4 Rg8 36. Qh7+ Rg7 37. Qh5+ Kg8 38. Rh4 Rh7 39. Qxh7+
Qxh7 40. Rxh7 Kxh7 41. cxb5 cxb5 42. a3 Kg6 43. Kf1 e5 44. f3 e4 45. fxe4 fxe4
46. Kf2 Kf5 47. Kg3 Kg5 48. Kh3 Kh5 49. g4+ Kg5 50. Kg3 1-0

[Event "SC Naturns Jambo II-SK Passeier"]
[Site "?"]
[Date "2013.03.09"]
[Round "11.5"]
[White "Fauster, Guenther"]
[Black "Naegele, Raimund"]
[Result "0-1"]
[WhiteElo "1605"]
[BlackElo "1653"]
[PlyCount "84"]
[EventDate "2013.??.??"]

1. d4 Nf6 2. Nf3 d5 3. c4 c6 4. Nc3 e6 5. Bg5 Nbd7 6. e3 Be7 7. Bd3 Nb6 8. c5
Nbd7 9. O-O O-O 10. h3 b6 11. b4 bxc5 12. dxc5 e5 13. Be2 a5 14. a3 Bb7 15. Qc2
Qc7 16. Bh4 Ra7 17. Bg3 Rfa8 18. Rab1 axb4 19. axb4 Ba6 20. Qf5 Bxe2 21. Nxe2
g6 22. Qc2 Ne4 23. Bh2 Bf6 24. Nc1 Rb7 25. Nd3 Bg7 26. Rfc1 Rab8 27. Ra1 f6 28.
Ra6 Ra7 29. Rca1 Rba8 30. Rxa7 Rxa7 31. Qb3 Qb7 32. Rb1 Qb5 33. Nfe1 Rb7 34.
Qa3 Ndxc5 35. Nxc5 Nxc5 36. Rc1 Ne6 37. Nd3 Bf8 38. g4 e4 39. Qa8 exd3 40. Qe8
Re7 41. Qc8 d2 42. Rd1 Qe2 0-1

[Event "SC Naturns Jambo II-SK Passeier"]
[Site "?"]
[Date "2013.03.09"]
[Round "11.6"]
[White "Wielander, Wolfgang"]
[Black "Innerhofer, Johann"]
[Result "0-1"]
[WhiteElo "1416"]
[BlackElo "1641"]
[PlyCount "98"]
[EventDate "2013.??.??"]

1. d4 d5 2. Nf3 Nf6 3. c4 c6 4. e3 e6 5. Nc3 Bd6 6. Be2 O-O 7. O-O Nbd7 8. Bd2
Ne4 9. Qc2 f5 10. Rac1 Ndf6 11. Ne5 Bd7 12. f3 Nxd2 13. Qxd2 Be8 14. Bd3 Nh5
15. e4 Bxe5 16. dxe5 dxc4 17. exf5 exf5 18. Bxc4+ Kh8 19. Qxd8 Rxd8 20. Rcd1
Bg6 21. e6 Rfe8 22. e7 Rxd1 23. Rxd1 Rxe7 24. Rd8+ Re8 25. Rd7 Rb8 26. Ne2 Nf6
27. Rd6 h6 28. Bd3 Bh7 29. Nf4 Re8 30. Kf2 a6 31. b3 Rb8 32. Ne6 Ne8 33. Rd7 g6
34. Nf4 Ng7 35. Rd6 g5 36. Ne2 h5 37. h3 Rf8 38. g4 hxg4 39. hxg4 fxg4 40. Bxh7
Kxh7 41. Rd3 gxf3 42. Ng3 Rf7 43. Ne4 Kg6 44. Rd8 g4 45. a3 Nf5 46. Rg8+ Rg7
47. Rf8 Rf7 48. Rg8+ Ng7 49. Ng3 Rd7 0-1

[Event "SC SSV Bruneck-CSK Merania"]
[Site "?"]
[Date "2013.03.16"]
[Round "11.1"]
[White "Hellweger, Stefan"]
[Black "Oberhammer, Guenther"]
[Result "1-0"]
[WhiteElo "1497"]
[BlackElo "1600"]
[PlyCount "73"]
[EventDate "2013.??.??"]

1. e4 e5 2. Nf3 Nc6 3. Bb5 d6 4. Bxc6+ bxc6 5. d4 Bg4 6. dxe5 dxe5 7. Qxd8+
Rxd8 8. Nbd2 Bd6 9. h3 Bh5 10. b3 f6 11. Bb2 Ne7 12. g4 Bg6 13. Nh4 O-O 14.
O-O-O a5 15. a4 Bf7 16. Nf5 Nxf5 17. gxf5 Bh5 18. Rdg1 Bc5 19. Rh2 Rd7 20. Nc4
Bb6 21. Nxb6 cxb6 22. Bc3 Bf3 23. Re1 Rfd8 24. Re3 Rd1+ 25. Kb2 Bh5 26. Rg2
R8d7 27. Reg3 Kf8 28. Ka2 Bf7 29. Kb2 Bg8 30. Rg4 c5 31. f4 b5 32. axb5 c4 33.
fxe5 cxb3 34. e6 bxc2 35. Kxc2 R1d6 36. exd7 Rxd7 37. Bxa5 1-0

[Event "SC SSV Bruneck-CSK Merania"]
[Site "?"]
[Date "2013.03.16"]
[Round "11.2"]
[White "De Nicolo, Werner"]
[Black "Ladurner, Hans"]
[Result "1/2-1/2"]
[WhiteElo "1439"]
[BlackElo "1564"]
[PlyCount "46"]
[EventDate "2013.??.??"]

1. c4 e5 2. Nc3 Nc6 3. e4 g6 4. d3 Bg7 5. g3 d6 6. Bg2 Nge7 7. Nge2 O-O 8. O-O
Be6 9. Be3 Qd7 10. Nd5 Rac8 11. Rb1 a5 12. a3 Bh3 13. Qd2 Bxg2 14. Kxg2 b6 15.
b4 axb4 16. axb4 f5 17. f4 exf4 18. Nexf4 fxe4 19. dxe4 Ne5 20. Nxe7+ Qxe7 21.
Nd5 Qe6 22. Rxf8+ Kxf8 23. Rc1 Nd7 1/2-1/2

[Event "SC SSV Bruneck-CSK Merania"]
[Site "?"]
[Date "2013.03.16"]
[Round "11.3"]
[White "Maestri, Alessandro"]
[Black "Oberhammer, Othmar"]
[Result "0-1"]
[WhiteElo "1483"]
[BlackElo "1453"]
[PlyCount "52"]
[EventDate "2013.??.??"]

1. e4 e5 2. Nf3 d6 3. d4 exd4 4. Nxd4 Be7 5. Be2 Nf6 6. Nc3 a6 7. O-O O-O 8. h3
b5 9. a3 c5 10. Nf5 Nc6 11. Nxe7+ Qxe7 12. Nd5 Nxd5 13. exd5 Nd4 14. Re1 Nxe2+
15. Rxe2 Qf6 16. c3 Bd7 17. Be3 Rfe8 18. Qd2 Qg6 19. Kh1 Re5 20. Bf4 Rxe2 21.
Qxe2 Re8 22. Qd2 h6 23. Re1 Rxe1+ 24. Qxe1 Qf6 25. Qe3 g5 26. Qg3 Qxf4 0-1

[Event "SC SSV Bruneck-CSK Merania"]
[Site "?"]
[Date "2013.03.16"]
[Round "11.4"]
[White "Steger, Andreas"]
[Black "Mucci, Angelo"]
[Result "1-0"]
[WhiteElo "1435"]
[BlackElo "1531"]
[PlyCount "63"]
[EventDate "2013.??.??"]

1. d4 Nf6 2. Bg5 g6 3. Nc3 Bg7 4. e4 d6 5. Bd3 Nc6 6. Nf3 Bg4 7. Be2 h6 8. Be3
O-O 9. h3 Bd7 10. Qd2 Kh7 11. O-O-O e5 12. d5 Ne7 13. g4 c5 14. g5 hxg5 15.
Nxg5+ Kh8 16. f3 Qa5 17. h4 Nh5 18. Rdg1 b5 19. Kb1 b4 20. Nd1 Ng8 21. f4 exf4
22. Bxf4 Nxf4 23. Qxf4 Nh6 24. Qxd6 Qa4 25. Bd3 Rad8 26. h5 Bg4 27. Qg3 Bxh5
28. Rxh5 gxh5 29. Ne6 Rg8 30. Nxd8 Bxb2 31. Nxf7+ Kh7 32. e5+ 1-0

[Event "SC SSV Bruneck-CSK Merania"]
[Site "?"]
[Date "2013.03.16"]
[Round "11.5"]
[White "Degaudenz, Fabio"]
[Black "Ringler, Daniel"]
[Result "1/2-1/2"]
[WhiteElo "1245"]
[BlackElo "1249"]
[PlyCount "81"]
[EventDate "2013.??.??"]

1. d4 d5 2. Nf3 Nc6 3. e3 Nf6 4. Bd3 Bg4 5. h3 Bxf3 6. Qxf3 e5 7. dxe5 Nxe5 8.
Qd1 Bd6 9. Be2 O-O 10. O-O c6 11. a4 Bc7 12. b3 Qd6 13. g3 Qe6 14. Kg2 Rad8 15.
Ba3 Bd6 16. Bb2 Ned7 17. Nd2 Be5 18. c3 Nc5 19. Nf3 h6 20. Qc2 Rd7 21. Nxe5
Qxe5 22. c4 Qe4+ 23. Qxe4 Ncxe4 24. Rad1 Rfd8 25. cxd5 Rxd5 26. Rxd5 Rxd5 27.
Rd1 Kf8 28. Rxd5 Nxd5 29. Bd3 Ng5 30. h4 Ne6 31. Kf1 Ke7 32. Ke2 f6 33. Ba3+
Kd7 34. Kd2 b6 35. Bf5 Ne7 36. Bh3 c5 37. Bb2 Kd6 38. f4 Nc7 39. e4 Nc6 40. Bf1
Ne6 41. Bd3 1/2-1/2

[Event "SC SSV Taufers-Groeden II"]
[Site "?"]
[Date "2013.03.09"]
[Round "11.1"]
[White "Knottner, Klaus"]
[Black "Niederkofler, Andreas"]
[Result "1-0"]
[WhiteElo "1648"]
[BlackElo "1770"]
[PlyCount "79"]
[EventDate "2013.??.??"]

1. e4 c5 2. Nf3 e6 3. d4 cxd4 4. Nxd4 a6 5. c4 Nf6 6. Nc3 d6 7. Be2 Qc7 8. Be3
b6 9. Rc1 Bb7 10. f3 Be7 11. O-O Nbd7 12. Qe1 O-O 13. Qg3 Rfe8 14. Rfd1 Rac8
15. b3 h5 16. Bd3 Ne5 17. Bb1 Ng6 18. Nxe6 fxe6 19. Qxg6 Bc6 20. Qg3 Qb7 21.
Bh6 Bf8 22. Bf4 e5 23. Bg5 Qf7 24. Nd5 Bxd5 25. exd5 b5 26. Bxf6 Qxf6 27. Bg6
Re7 28. Bxh5 Rec7 29. Bg4 Re8 30. Qh3 g6 31. Be6+ Kg7 32. cxb5 Rxc1 33. Rxc1
axb5 34. Rc7+ Re7 35. Rc8 Qf4 36. g4 Ra7 37. Rc2 Qd4+ 38. Kg2 Qd1 39. Rf2 Rc7
40. g5 1-0

[Event "SC SSV Taufers-Groeden II"]
[Site "?"]
[Date "2013.03.09"]
[Round "11.2"]
[White "Holzer, Phillipp"]
[Black "Grossrubatscher, Herbert"]
[Result "1-0"]
[WhiteElo "1759"]
[BlackElo "1631"]
[PlyCount "37"]
[EventDate "2013.??.??"]

1. Nc3 d6 2. d4 b6 3. e4 Bb7 4. f4 g6 5. Nf3 Bg7 6. Bb5+ c6 7. Bc4 d5 8. exd5
cxd5 9. Bb5+ Nc6 10. Ne5 Rc8 11. O-O a6 12. Nxc6 Bxc6 13. Bxa6 Ra8 14. Bb5 Bxb5
15. Nxb5 Nf6 16. f5 gxf5 17. Rxf5 Qd7 18. Qd3 Ne4 19. Rxd5 1-0

[Event "SC SSV Taufers-Groeden II"]
[Site "?"]
[Date "2013.03.09"]
[Round "11.3"]
[White "Taschler, Manuel"]
[Black "Forer, Erich"]
[Result "0-1"]
[WhiteElo "1550"]
[BlackElo "1733"]
[PlyCount "78"]
[EventDate "2013.??.??"]

1. Nf3 Nf6 2. d3 g6 3. g3 Bg7 4. Bg2 O-O 5. O-O c6 6. Nbd2 d6 7. e4 Qa5 8. c3
Qh5 9. Qb3 Nbd7 10. d4 Nb6 11. Re1 Bh3 12. e5 Ng4 13. exd6 exd6 14. Nf1 Bxg2
15. Kxg2 Qd5 16. Bf4 Nc4 17. Re2 b5 18. Rae1 c5 19. dxc5 Qxc5 20. Ne3 Nge5 21.
Nxc4 bxc4 22. Qd1 Nd3 23. Be3 Nxe1+ 24. Qxe1 Qc6 25. Qd2 Bf6 26. Bh6 Rfe8 27.
Qc2 Re7 28. Rxe7 Bxe7 29. Qd1 Rb8 30. Be3 Rxb2 31. Bc1 Rb1 32. Kg1 Rxc1 33.
Qxc1 Qxf3 34. Qe1 Bf6 35. Qd2 Kg7 36. Qc2 d5 37. Qa4 Qe2 38. Qb5 h5 39. a3 h4
0-1

[Event "SC SSV Taufers-Groeden II"]
[Site "?"]
[Date "2013.03.09"]
[Round "11.4"]
[White "Haidacher, Gerold"]
[Black "Goller, Bruno"]
[Result "1/2-1/2"]
[WhiteElo "1726"]
[BlackElo "1455"]
[PlyCount "117"]
[EventDate "2013.??.??"]

1. d4 d5 2. c4 Nc6 3. Nc3 Nf6 4. Nf3 dxc4 5. d5 Nb8 6. e4 e6 7. Bxc4 exd5 8.
exd5 Bd6 9. O-O O-O 10. Bg5 Re8 11. Qd3 Nbd7 12. Rfe1 a6 13. Bb3 Rxe1+ 14. Rxe1
b5 15. Ne4 Bb7 16. Nxd6 cxd6 17. Qd4 Rc8 18. Nd2 h6 19. Bh4 Qa5 20. f3 Nc5 21.
Rc1 Nfd7 22. Be1 Qd8 23. Ne4 Nxe4 24. Rxc8 Qxc8 25. fxe4 Qc1 26. Qc3 Qf4 27.
Bc2 Nc5 28. Bd2 Qg4 29. Qe3 Kf8 30. h3 Qg6 31. Qf4 Ke7 32. Bb4 Kd7 33. g4 f6
34. h4 Qe8 35. Qf5+ Kc7 36. Kf2 Kb6 37. Qf4 Qe5 38. Ke3 Bc8 39. Bc3 Qe7 40. Bd4
a5 41. a3 Ka6 42. b4 Nd7 43. Qf1 Ne5 44. bxa5 Nc4+ 45. Kf4 Qd7 46. Qf3 g5+ 47.
Kg3 Ne5 48. Bxe5 fxe5 49. Bd1 gxh4+ 50. Kxh4 Qe7+ 51. Kg3 h5 52. Qc3 Qd7 53. a4
bxa4 54. Bxa4 Qxg4+ 55. Kf2 Qf4+ 56. Kg1 Qg4+ 57. Kf2 Qh4+ 58. Kg1 Qg4+ 59. Kf2
1/2-1/2

[Event "SC SSV Taufers-Groeden II"]
[Site "?"]
[Date "2013.03.09"]
[Round "11.5"]
[White "Moroder, Richard"]
[Black "Innerbichler, Robert"]
[Result "1/2-1/2"]
[WhiteElo "1413"]
[BlackElo "1398"]
[PlyCount "113"]
[EventDate "2013.??.??"]

1. e4 e5 2. Nf3 d6 3. Nc3 Nf6 4. Be2 Be7 5. O-O O-O 6. d3 Nbd7 7. a3 b6 8. d4
h6 9. h3 Bb7 10. Bd3 Rc8 11. Be3 Re8 12. Re1 Bf8 13. Nd2 c5 14. d5 Nh7 15. f3
Ndf6 16. Rf1 Nh5 17. Qe1 Be7 18. Be2 Bh4 19. Bf2 Bxf2+ 20. Qxf2 a6 21. Bd1 Nf4
22. Ne2 Qf6 23. Qg3 Rcd8 24. Nxf4 exf4 25. Qh2 Bc8 26. Kh1 Re5 27. Be2 Rh5 28.
Rg1 Ng5 29. Bf1 b5 30. c3 c4 31. Rc1 Nh7 32. g4 fxg3 33. Qxg3 Rg5 34. Qh2 Rxg1+
35. Kxg1 Qh4 36. f4 f5 37. Nf3 Qf6 38. e5 dxe5 39. Nxe5 Rxd5 40. Re1 Qb6+ 41.
Qf2 Qxf2+ 42. Kxf2 Bb7 43. h4 Nf6 44. Kg1 Ne4 45. Ng6 Rd2 46. Ne7+ Kf8 47. Nxf5
Rxb2 48. Nd4 Nxc3 49. Ne6+ Kg8 50. Nc5 Bd5 51. Nxa6 Rb1 52. Rxb1 Nxb1 53. Nb4
Be4 54. a4 bxa4 55. Bxc4+ Kf8 56. Na2 a3 57. Kf2 1/2-1/2

[Event "SG Kaltern/Tramin II-SK Deutschnofen"]
[Site "?"]
[Date "2013.03.09"]
[Round "11.1"]
[White "Thurner, Markus"]
[Black "Leimgruber, Erich"]
[Result "1-0"]
[WhiteElo "1847"]
[BlackElo "1580"]
[PlyCount "95"]
[EventDate "2013.??.??"]

1. f4 d5 2. Nf3 Nc6 3. e3 Bg4 4. Bb5 Qd6 5. h3 Bd7 6. b3 a6 7. Bxc6 bxc6 8. O-O
Nf6 9. Ba3 c5 10. Ne5 Bb5 11. c4 dxc4 12. bxc4 Bd7 13. d4 c6 14. Bxc5 Qc7 15.
Nc3 e6 16. Bxf8 Rxf8 17. Qa4 Ke7 18. Qa3+ Qd6 19. Qxd6+ Kxd6 20. Rab1 Rfb8 21.
Nxf7+ Ke7 22. Ne5 Be8 23. c5 Nd5 24. Nxd5+ cxd5 25. Rfc1 Rb5 26. Rxb5 axb5 27.
Rc2 Kd8 28. Kf2 Kc7 29. g4 g6 30. Nf3 h6 31. Ne5 Ra3 32. h4 Ra6 33. Kf3 Ra3 34.
Rb2 Ra5 35. Nd3 Ra3 36. Ke2 Ra5 37. Kd2 Ra3 38. Nb4 Bd7 39. Rb3 Ra5 40. Kc3 Be8
41. Kb2 Bd7 42. Nd3 Be8 43. Ra3 Rxa3 44. Kxa3 Kb7 45. Kb4 Ka6 46. Ne5 Kb7 47.
Ka5 Ka7 48. c6 1-0

[Event "SG Kaltern/Tramin II-SK Deutschnofen"]
[Site "?"]
[Date "2013.03.09"]
[Round "11.2"]
[White "Stadler, Helmuth"]
[Black "Gibitz, Othmar"]
[Result "0-1"]
[WhiteElo "1661"]
[BlackElo "1592"]
[PlyCount "136"]
[EventDate "2013.??.??"]

1. e4 e5 2. Nc3 Nf6 3. f4 d6 4. Nf3 Bg4 5. fxe5 dxe5 6. Bc4 Nc6 7. d3 Be7 8.
Be3 O-O 9. O-O Na5 10. Bb3 Nxb3 11. axb3 Nd7 12. Qd2 Bb4 13. Qf2 Bxc3 14. bxc3
Bxf3 15. Qxf3 Qh4 16. Qf5 Qe7 17. Rf3 Qe6 18. Qg5 f6 19. Qh4 Rf7 20. Raf1 b6
21. Rh3 Nf8 22. d4 exd4 23. cxd4 Re8 24. e5 fxe5 25. Rxf7 Qxf7 26. Rf3 Qe7 27.
Qg4 exd4 28. Bxd4 Ng6 29. Qf5 Qe6 30. Qb5 Rd8 31. Re3 Qf7 32. Rf3 Qd5 33. Qxd5+
Rxd5 34. Bb2 Rd2 35. Rf2 Rd1+ 36. Rf1 Rxf1+ 37. Kxf1 Kf7 38. g3 Ne7 39. Ke2 g6
40. Kd3 Ke6 41. Kc4 c6 42. Kd3 Nf5 43. c4 a6 44. Bc3 h5 45. Ke4 Nh6 46. h3 b5
47. Bd2 Nf7 48. Kd4 Nd6 49. Bf4 bxc4 50. bxc4 Nb7 51. h4 c5+ 52. Kc3 Kf5 53.
Kd2 Na5 54. Bd6 Nb7 55. Bf4 Nd8 56. Ke3 a5 57. Kd3 a4 58. Bc7 Ne6 59. Bd6 a3
60. Kc3 Ke4 61. Kb3 Kd4 62. Kxa3 Kxc4 63. Kb2 Kd3 64. Kc1 c4 65. Kd1 c3 66. Ke1
c2 67. Ba3 Nc5 68. Bb2 Nb3 0-1

[Event "SG Kaltern/Tramin II-SK Deutschnofen"]
[Site "?"]
[Date "2013.03.09"]
[Round "11.3"]
[White "Hofer, Alois"]
[Black "Steinegger, Elmar"]
[Result "0-1"]
[WhiteElo "1559"]
[BlackElo "1427"]
[PlyCount "74"]
[EventDate "2013.??.??"]

1. e4 e5 2. Nf3 Nc6 3. Bc4 Nf6 4. O-O h6 5. c3 d6 6. Qb3 Qe7 7. Bd5 Nxd5 8.
exd5 Nd8 9. d4 e4 10. Re1 f5 11. c4 Qf6 12. Nc3 a6 13. g3 Be7 14. Nh4 g5 15.
Ng2 b6 16. Be3 Bd7 17. Qd1 g4 18. Ne2 Nf7 19. Nef4 Ng5 20. Kh1 Nf3 21. Rf1 h5
22. Ne6 Bxe6 23. dxe6 Qxe6 24. d5 Qd7 25. Ne1 h4 26. Nxf3 gxf3 27. b4 hxg3 28.
fxg3 Bf6 29. Rc1 Be5 30. Qe1 Qg7 31. Rg1 Kd7 32. Bf4 Rag8 33. Qd2 Rh3 34. Bxe5
Qxe5 35. c5 e3 36. Qd3 Qe4 37. Qxa6 Rxh2+ 0-1

[Event "SG Kaltern/Tramin II-SK Deutschnofen"]
[Site "?"]
[Date "2013.03.09"]
[Round "11.4"]
[White "Sanin, Wilfried"]
[Black "Pichler, Hubertus"]
[Result "1-0"]
[WhiteElo "1503"]
[BlackElo "1418"]
[PlyCount "149"]
[EventDate "2013.??.??"]

1. d4 d5 2. g3 Nf6 3. Bg2 Bf5 4. Nf3 e6 5. O-O Be7 6. Nbd2 O-O 7. c3 c5 8. Qb3
Qc7 9. Re1 Nc6 10. dxc5 Bxc5 11. Nh4 Bg6 12. Qa4 a6 13. Nxg6 fxg6 14. e4 Nxe4
15. Nxe4 dxe4 16. Be3 b5 17. Qxe4 Bxe3 18. Qxe6+ Kh8 19. Rxe3 Rac8 20. Rae1 Nb8
21. Bh3 Rcd8 22. R3e2 Qc5 23. Qe3 Qc7 24. Bg2 Qd6 25. Be4 Qc7 26. f3 Nd7 27.
Kg2 Nf6 28. Rd2 Rfe8 29. Rxd8 Rxd8 30. Re2 Qd6 31. Bb7 a5 32. Be4 Qd1 33. a3
Qd6 34. Qf4 Qd1 35. Rf2 Qd7 36. Qh4 Kg8 37. Qg5 Kh8 38. Qc5 Rc8 39. Qb6 a4 40.
Qd4 Qxd4 41. cxd4 Ne8 42. Rd2 Nd6 43. Bd3 Kg8 44. Kf2 Kf7 45. Ke3 Ke6 46. g4
Rc7 47. h4 Kd5 48. Be4+ Ke6 49. Kf4 Rf7+ 50. Ke3 Rc7 51. Rd3 Rc2 52. b3 axb3
53. Rxb3 Rc7 54. Kf4 Ra7 55. d5+ Kf6 56. g5+ Ke7 57. Bd3 Rb7 58. Ke5 Nf7+ 59.
Kd4 Nd6 60. Kc5 Rc7+ 61. Kb6 Rb7+ 62. Ka6 Rb8 63. Bxb5 Nf5 64. Rb4 Kd6 65. Bc6
Ne7 66. Bb7 Rf8 67. a4 Rxf3 68. a5 Rd3 69. Kb6 Nxd5+ 70. Bxd5 Kxd5 71. a6 Re3
72. a7 Re6+ 73. Kb7 Re7+ 74. Ka6 Re8 75. Rb8 1-0

[Event "SG Kaltern/Tramin II-SK Deutschnofen"]
[Site "?"]
[Date "2013.03.09"]
[Round "11.5"]
[White "Mittermair, Alois"]
[Black "Kerschbaumer, Rudolf"]
[Result "1-0"]
[WhiteElo "1502"]
[BlackElo "1326"]
[PlyCount "75"]
[EventDate "2013.??.??"]

1. f4 e6 2. Nf3 d6 3. e4 g6 4. d4 Bg7 5. Bb5+ c6 6. Ba4 Ne7 7. O-O O-O 8. c4 d5
9. cxd5 exd5 10. Nc3 Bg4 11. e5 Nf5 12. Qd3 Qb6 13. Ne2 Na6 14. Bb3 Rad8 15.
Be3 c5 16. dxc5 Nxc5 17. Bxc5 Qxc5+ 18. Kh1 Ne7 19. Rac1 Qb6 20. Rc3 Bf5 21.
Qd4 Qa6 22. Qd2 Be4 23. Rd1 Rd7 24. Ned4 Rfd8 25. Ng5 f6 26. Nxe4 fxe5 27. fxe5
b6 28. Nf6+ Bxf6 29. exf6 Rf8 30. Rf3 Nc8 31. Qg5 Qb7 32. Nf5 b5 33. Nh6+ Kh8
34. Rxd5 Rxd5 35. Qxd5 Qxd5 36. Bxd5 Nd6 37. g4 Ne8 38. g5 1-0